00375nam a22001457a 4500003000400000005001700004008004100021020001800062040000900080082001700089100002200106245005000128260004200178300000900220OSt20210305113021.0210305b ||||| |||| 00| 0 eng d a9781785040474 coclc a158.1bSCH/M aSchwartz, David J aThe Magic Of Thinking Big /cDavid J Schwartz aLondon:bVermilion Publishing,c2016. a362p